Donde estás Puerto Limón (Registro nro. 3238)

Detalles MARC
000 -Cabecera
Campo de control de longitud fija 00625aam a2200253 4500
005 - Fecha y hora de la última transacción
Campo de control 20250825115419.0
008 - Elementos de longitud fija--Información general
Campo de control de longitud fija 150427b xxu||||| |||| 00| 0 spa d
020 ## - International Standard Book Number
Número Internacional Estándar del Libro (ISBN) 9789968318303
041 ## - Idioma
Código de idioma Español
082 ## - Clasificación Decimal Dewey
Número de clasificación CR 861.44 S161d
100 ## - Entrada principal--Autor personal
Nombre personal Salaverry, Arabella
245 ## - Título propiamente dicho
Título Donde estás Puerto Limón
260 ## - Pie de imprenta
Lugar de publicación, distribución, etc. Costa Rica
260 ## - Pie de imprenta
Nombre del editor, distribuidor, etc. EUNED
260 ## - Pie de imprenta
Fecha de publicación, distribución, etc. 2011
300 ## - Descripción física
Extensión 124 páginas
490 ## - Serie
Título de la Serie TEMÁTICA GENERAL
650 ## - Materia general
Temática (materia general) TEMÁTICA GENERAL
650 ## - Materia general
Temática (materia general) POESÍA COSTARRICENSE
650 ## - Materia general
Temática (materia general) LITERATURA COSTARRICENSE
650 ## - Materia general
Temática (materia general) PUERTO LIMÓN
650 ## - Materia general
Temática (materia general) COSTA RICA
942 ## - Punto de acceso adicional KOHA
Tipo de ítem KOHA Literatura
Fuente del sistema de clasificación o colocación Dewey Decimal Classification
Existencias
Signatura completa Código de barras Programa Académico Tipo de ítem
CR 861.44 S161d 18141 Temática General Literatura
CR 861.44 S161d 15873 Temática General Literatura